[Event "Russian Cup Final 2015"]
[Site "Khanty-Mansiysk RUS"]
[Date "2015.12.07"]
[Round "2.1"]
[White "Motylev, Alexander"]
[Black "Fedoseev, Vladimir3"]
[Result "0-1"]
[WhiteTitle "GM"]
[BlackTitle "GM"]
[WhiteElo "2653"]
[BlackElo "2664"]
[WhiteFideId "4121830"]
[BlackFideId "24130737"]
[EventDate "2015.12.05"]

1. e4 e6 2. d4 d5 3. Nc3 Nf6 4. e5 Nfd7 5. f4 c5 6. Nf3 Nc6 7. Be3 Qb6 8. Na4
Qa5+ 9. c3 cxd4 10. b4 Qc7 11. Nxd4 a6 12. a3 b5 13. Nb2 Nb6 14. Be2 Bd7 15. O-O
Be7 16. Qe1 O-O 17. Qf2 Rab8 18. Bd3 f5 19. h3 Nc4 20. Nxc4 dxc4 21. Bc2 Nxd4
22. Bxd4 a5 23. Kh2 Bc6 24. g4 g6 25. Rg1 axb4 26. axb4 fxg4 27. Rxg4 Ra8 28.
Rxa8 Rxa8 29. Qg1 Kf8 30. h4 Bf3 31. Rg3 Qb7 32. Qb1 Bxh4 33. Rh3 Bd8 34. Kg3
Bg2 35. Rxh7 Qxh7 36. Kxg2 Qh5 37. Bd1 Qf5 38. Qxf5+ gxf5 39. Bf3 Rc8 40. Kf2
Ke7 41. Bb7 Rb8 42. Bc6 Bb6 43. Ke3 Kd8 44. Bxb6+ Rxb6 45. Bf3 Ra6 46. Kd4 Kc7
47. Kc5 Ra2 48. Bc6 Rf2 49. Bxb5 Rxf4 50. Bc6 Rf1 51. b5 Rb1 52. Kxc4 Kb6 53.
Bd7 f4 54. Bc6 Rd1 55. Bf3 Re1 56. Kd4 Kxb5 57. Bg4 Kb6 58. c4 Kc7 59. c5 Kd7
60. c6+ Kxc6 61. Bxe6 Kc7 62. Bg4 Kd8 63. Bf3 Ke7 64. Bg4 Kf7 65. Bf3 Kg7 66.
Bb7 Kh6 67. Bc6 Kg5 68. Bb7 Kg4 69. Bc8+ Kg3 70. e6 f3 71. Kd5 f2 72. Ba6 Kf4
73. Kd4 0-1

[Event "Russian Cup Final 2015"]
[Site "Khanty-Mansiysk RUS"]
[Date "2015.12.07"]
[Round "2.1"]
[White "Maletin, Pavel"]
[Black "Khismatullin, Denis"]
[Result "1/2-1/2"]
[WhiteTitle "GM"]
[BlackTitle "GM"]
[WhiteElo "2577"]
[BlackElo "2654"]
[WhiteFideId "4146786"]
[BlackFideId "4142578"]
[EventDate "2015.12.05"]

1. d4 d5 2. Nf3 Nf6 3. c4 c6 4. cxd5 cxd5 5. Nc3 Nc6 6. Bf4 Bf5 7. e3 e6 8. Qb3
Bb4 9. Ne5 Qb6 10. f3 Rc8 11. Nxc6 Rxc6 12. Kf2 Bxc3 13. bxc3 O-O 14. g4 Bg6 15.
Be2 h5 16. g5 Ne8 17. Rhc1 Nd6 18. Qxb6 Rxb6 19. Bxd6 Rxd6 20. c4 Rb6 21. c5 Rb2
22. Rc3 Bc2 23. Ke1 Rc8 24. Ra3 b6 25. cxb6 axb6 26. h4 Bf5 27. Rb3 Rxb3 28.
axb3 Rc3 29. b4 Rxe3 30. Kd2 Rb3 31. b5 Rb2+ 32. Ke3 Kh7 33. Ra6 e5 34. dxe5 d4+
35. Kf4 Bg6 36. Bc4 Rb4 37. Bf1 Rb1 38. Bh3 d3 39. Ke3 Rxb5 40. f4 d2 41. Kxd2
Rb2+ 42. Ke1 Be4 43. e6 fxe6 44. Bxe6 Bd3 45. Ra2 Rxa2 46. Bxa2 Kg6 47. Kd2 Bf5
48. Bc4 1/2-1/2

[Event "Russian Cup Final 2015"]
[Site "Khanty-Mansiysk RUS"]
[Date "2015.12.08"]
[Round "2.2"]
[White "Timofeev, Artyom"]
[Black "Kokarev, Dmitry"]
[Result "1/2-1/2"]
[WhiteTitle "GM"]
[BlackTitle "GM"]
[WhiteElo "2555"]
[BlackElo "2611"]
[WhiteFideId "4140419"]
[BlackFideId "4132181"]
[EventDate "2015.12.05"]

1. c4 g6 2. g3 c5 3. Bg2 Bg7 4. Nc3 Nc6 5. Nf3 e5 6. a3 a5 7. O-O Nge7 8. Ne1
O-O 9. Rb1 d6 10. Nc2 Be6 11. Ne3 Rb8 12. d3 Bh6 13. b3 b6 14. Bb2 Nd4 15. Ned5
Nxd5 16. Nxd5 Nc6 17. f4 Bg7 18. Qd2 Kh8 19. Bc3 Qd7 20. fxe5 Nxe5 21. Nf6 Qd8
22. Qf4 Ng4 23. Ne4 Ne5 24. Ng5 Qe7 25. Qh4 h6 26. Nxe6 Qxh4 27. gxh4 fxe6 28.
Bd2 Ng4 29. Bh3 Bd4+ 30. Kg2 Ne3+ 31. Bxe3 Bxe3 32. Bxe6 Kg7 33. Rf3 Bd4 34. Bd5
Rxf3 35. Bxf3 b5 36. cxb5 Rxb5 37. Bd5 Rb8 38. Rc1 Bb2 39. Rc4 Re8 40. Bf3 Bxa3
41. h5 gxh5 42. Bxh5 Re5 43. Bf3 Bb2 44. h4 h5 45. e4 Kh6 46. Rc2 1/2-1/2

[Event "Russian Cup Final 2015"]
[Site "Khanty-Mansiysk RUS"]
[Date "2015.12.08"]
[Round "2.2"]
[White "Fedoseev, Vladimir3"]
[Black "Motylev, Alexander"]
[Result "1/2-1/2"]
[WhiteTitle "GM"]
[BlackTitle "GM"]
[WhiteElo "2664"]
[BlackElo "2653"]
[WhiteFideId "24130737"]
[BlackFideId "4121830"]
[EventDate "2015.12.05"]

1. e4 c5 2. Nf3 Nc6 3. Bb5 g6 4. O-O Bg7 5. c3 Nf6 6. Re1 O-O 7. d4 d5 8. e5 Ne4
9. Bxc6 bxc6 10. Nbd2 Bf5 11. Nh4 Be6 12. Nxe4 dxe4 13. Rxe4 cxd4 14. cxd4 c5
15. Be3 Qd5 16. Qc2 cxd4 17. Rxd4 Qxe5 18. Nf3 Qb5 19. Rd2 Bf5 20. Qb3 Qxb3 21.
axb3 Rfc8 22. h3 a6 23. b4 Be4 24. Bc5 e6 25. Ra5 Bd5 26. Nd4 Rd8 27. Nf3 Bc4
28. Bd4 Bb5 29. Bc3 Rxd2 30. Nxd2 Rd8 31. Ne4 e5 32. Ra1 f6 33. f4 f5 34. Nc5
Re8 35. fxe5 Bxe5 36. Bxe5 Rxe5 37. Rd1 Re2 38. Rd6 Rxb2 39. Nxa6 Rb1+ 40. Kf2
Rb2+ 41. Kg1 f4 42. Nc7 Rb1+ 43. Kh2 Bf1 44. Rf6 Rxb4 45. Ne6 Rb8 1/2-1/2

[Event "Russian Cup Final 2015"]
[Site "Khanty-Mansiysk RUS"]
[Date "2015.12.08"]
[Round "2.2"]
[White "Khismatullin, Denis"]
[Black "Maletin, Pavel"]
[Result "1/2-1/2"]
[WhiteTitle "GM"]
[BlackTitle "GM"]
[WhiteElo "2654"]
[BlackElo "2577"]
[WhiteFideId "4142578"]
[BlackFideId "4146786"]
[EventDate "2015.12.05"]

1. c4 e6 2. Nf3 d5 3. b3 Nf6 4. Bb2 Be7 5. g3 O-O 6. Bg2 c5 7. O-O Nc6 8. e3 b6
9. Nc3 Ba6 10. d3 Rc8 11. a3 Bb7 12. Qc2 Qd7 13. Ne2 Rfd8 14. Rad1 Qc7 15. Rfe1
Qb8 16. Nf4 dxc4 17. bxc4 Qa8 18. Qe2 Re8 19. d4 cxd4 20. exd4 Na5 21. Ne5 Bxg2
22. Nxg2 Qb7 23. Ne3 Bd6 24. d5 Qc7 25. N5g4 Nxg4 26. Qxg4 e5 27. Nf5 f6 28. Re4
g6 29. c5 bxc5 30. f4 Rb8 31. fxe5 fxe5 32. Bc3 Nb3 33. Rf1 Nd4 34. Nh6+ Kh8 35.
Nf7+ Kg8 36. Nh6+ Kh8 37. Nf7+ Kg8 38. Nh6+ 1/2-1/2

[Event "Russian Cup Final 2015"]
[Site "Khanty-Mansiysk RUS"]
[Date "2015.12.08"]
[Round "2.2"]
[White "Khairullin, Ildar"]
[Black "Bukavshin, Ivan"]
[Result "1/2-1/2"]
[WhiteTitle "GM"]
[BlackTitle "GM"]
[WhiteElo "2647"]
[BlackElo "2657"]
[WhiteFideId "4151348"]
[BlackFideId "4199758"]
[EventDate "2015.12.05"]

1. e4 c5 2. Nf3 Nc6 3. d4 cxd4 4. Nxd4 e6 5. Nc3 Qc7 6. Be2 a6 7. O-O Nf6 8. Be3
Be7 9. f4 d6 10. Kh1 O-O 11. Qe1 Nxd4 12. Bxd4 b5 13. Qg3 Bb7 14. a3 Bc6 15.
Rae1 Rad8 16. Bf3 Qb7 17. Nd1 d5 18. e5 Ne4 19. Bxe4 dxe4 20. c3 f5 21. exf6
Bxf6 22. Bxf6 Rxf6 23. Ne3 Rd3 24. Qf2 Rf8 25. Ng4 Rf5 26. Ne3 Rf8 27. Ng4 Rf5
28. Ne3 1/2-1/2

[Event "Russian Cup Final 2015"]
[Site "Khanty-Mansiysk RUS"]
[Date "2015.12.08"]
[Round "2.3"]
[White "Khismatullin, Denis"]
[Black "Maletin, Pavel"]
[Result "1-0"]
[WhiteTitle "GM"]
[BlackTitle "GM"]
[WhiteElo "2654"]
[BlackElo "2577"]
[WhiteFideId "4142578"]
[BlackFideId "4146786"]
[EventDate "2015.12.05"]

1. c4 e6 2. Nf3 d5 3. b3 Nf6 4. Bb2 Be7 5. g3 O-O 6. Bg2 c5 7. O-O Nc6 8. e3 b6
9. Nc3 Ba6 10. d3 Rc8 11. a3 Bb7 12. Qc2 Qd7 13. Ne2 dxc4 14. bxc4 Ne8 15. e4
Nc7 16. Rad1 Rfd8 17. Rfe1 Bf8 18. e5 h6 19. Nf4 Ba8 20. Qe2 Qe8 21. h4 b5 22.
Nh5 f5 23. Nf4 b4 24. axb4 Nxb4 25. h5 Rb8 26. Ra1 a6 27. Red1 Bc6 28. Bc3 Ba4
29. Rd2 Bc6 30. Ng6 Ba8 31. Nfh4 Bxg2 32. Nxg2 Nc6 33. N2f4 Be7 34. Rb2 Bg5 35.
Nh3 Rxb2 36. Bxb2 Ne7 37. f4 Nxg6 38. fxg5 Ne7 39. gxh6 gxh6 40. Ba3 Qc6 41. Qe3
Rd4 42. Qxh6 Rg4 43. Kh2 Qf3 44. Rg1 Qe2+ 45. Rg2 Qxd3 46. Bxc5 Rg7 47. Nf4 Qd8
48. Bxe7 Rxe7 49. Qg5+ Kh8 1-0

[Event "Russian Cup Final 2015"]
[Site "Khanty-Mansiysk RUS"]
[Date "2015.12.08"]
[Round "2.3"]
[White "Bukavshin, Ivan"]
[Black "Khairullin, Ildar"]
[Result "1/2-1/2"]
[WhiteTitle "GM"]
[BlackTitle "GM"]
[WhiteElo "2657"]
[BlackElo "2647"]
[WhiteFideId "4199758"]
[BlackFideId "4151348"]
[EventDate "2015.12.05"]

1. d4 Nf6 2. c4 e6 3. g3 d5 4. Nf3 dxc4 5. Bg2 Bd7 6. Ne5 Bc6 7. Nxc6 Nxc6 8.
O-O Qd7 9. e3 O-O-O 10. Nc3 Nd5 11. Qe2 Nb6 12. Rd1 Nb4 13. Bd2 Kb8 14. a3 N4d5
15. a4 a6 16. a5 Nc8 17. Qxc4 f5 18. Na4 Nd6 19. Qe2 Ne4 20. Be1 h5 21. f3 Ng5
22. Nc5 Bxc5 23. dxc5 Qc6 24. b4 e5 25. h4 1/2-1/2

[Event "Russian Cup Final 2015"]
[Site "Khanty-Mansiysk RUS"]
[Date "2015.12.08"]
[Round "2.4"]
[White "Maletin, Pavel"]
[Black "Khismatullin, Denis"]
[Result "1/2-1/2"]
[WhiteTitle "GM"]
[BlackTitle "GM"]
[WhiteElo "2577"]
[BlackElo "2654"]
[WhiteFideId "4146786"]
[BlackFideId "4142578"]
[EventDate "2015.12.05"]

1. d4 d5 2. Nf3 Nf6 3. c4 c6 4. e3 Bf5 5. Nc3 e6 6. Nh4 Bg6 7. Be2 Nbd7 8. g3
Bd6 9. O-O Qe7 10. Qb3 Rb8 11. Nxg6 hxg6 12. Qc2 dxc4 13. Bxc4 e5 14. Qd1 Nb6
15. Bb3 Qd7 16. f4 Qh3 17. Qe2 exd4 18. exd4+ Kf8 19. Qg2 Re8 20. Qxh3 Rxh3 21.
Kg2 Rh5 22. h3 Nfd5 23. g4 Rh8 24. Rf3 Re1 25. Rb1 f5 26. Bd2 Rxb1 27. Nxb1 fxg4
28. hxg4 Rh4 29. Kg3 g5 30. Nc3 Rh6 31. Nxd5 Nxd5 32. Bxd5 cxd5 33. Kg2 Ke7 34.
Rf2 Bxf4 35. Bxf4 gxf4 36. Rxf4 Rf6 37. Kg3 g5 38. Rf5 Rxf5 39. gxf5 Kf7 40. Kf3
Kg7 1/2-1/2

[Event "Russian Cup Final 2015"]
[Site "Khanty-Mansiysk RUS"]
[Date "2015.12.08"]
[Round "2.5"]
[White "Khairullin, Ildar"]
[Black "Bukavshin, Ivan"]
[Result "1/2-1/2"]
[WhiteTitle "GM"]
[BlackTitle "GM"]
[WhiteElo "2647"]
[BlackElo "2657"]
[WhiteFideId "4151348"]
[BlackFideId "4199758"]
[EventDate "2015.12.05"]

1. c4 e6 2. d4 d5 3. Nf3 Nf6 4. e3 Be7 5. b3 O-O 6. Bd3 c5 7. O-O cxd4 8. exd4
Nc6 9. Bb2 b6 10. Nbd2 Bb7 11. Rc1 Rc8 12. Re1 Re8 13. a3 Bf8 14. Nf1 g6 15. Ne3
Bg7 16. c5 bxc5 17. dxc5 a5 18. Bb5 Re7 19. Ne5 Rec7 20. Nxc6 Bxc6 21. Bxc6 Rxc6
22. b4 Rb8 23. Nc2 Rcc8 24. Be5 Rb7 25. Qd4 Ne8 26. Rb1 f6 27. Bg3 e5 28. Qd3
axb4 29. axb4 Qd7 30. Red1 Nc7 31. Ne3 Rcb8 32. Nc2 Qc6 33. f4 e4 34. Qb3 Qxc5+
35. bxc5 Rxb3 36. Rxb3 Rxb3 37. f5 Rc3 38. Bxc7 Rxc2 39. Rxd5 Bf8 40. Bd6 gxf5
41. Rxf5 Bxd6 42. cxd6 Kf7 43. Rd5 Rc8 44. Kf2 Ke6 45. d7 Rd8 46. Rd4 1/2-1/2

[Event "Russian Cup Final 2015"]
[Site "Khanty-Mansiysk RUS"]
[Date "2015.12.09"]
[Round "3.1"]
[White "Khismatullin, Denis"]
[Black "Bukavshin, Ivan"]
[Result "1/2-1/2"]
[WhiteTitle "GM"]
[BlackTitle "GM"]
[WhiteElo "2654"]
[BlackElo "2657"]
[WhiteFideId "4142578"]
[BlackFideId "4199758"]
[EventDate "2015.12.05"]

1. c4 e6 2. g3 d5 3. Bg2 Nf6 4. Nf3 Be7 5. d4 O-O 6. Qc2 c5 7. O-O cxd4 8. Nxd4
Na6 9. cxd5 Nb4 10. Qd1 e5 11. Nf3 e4 12. Ng5 e3 13. Nc3 exf2+ 14. Kh1 h6 15. a3
hxg5 16. axb4 Qb6 17. Bxg5 Qxb4 18. Qd2 Ng4 19. Bf4 Bd6 20. h3 Bxf4 21. gxf4 Qb6
22. Nd1 Re8 23. e4 Qh6 24. Qd3 Qh4 25. Ra3 Bd7 26. Qg3 Qxg3 27. Rxg3 Nf6 28.
Nxf2 Nh5 29. Rb3 Ba4 30. Rf3 Bb5 31. Re1 Bc4 32. Rc1 Be2 33. Rb3 f5 34. Rxb7 Ba6
35. Rb3 Nxf4 36. Rc6 Bc8 37. Rc7 fxe4 38. Rg3 Bf5 39. Rcxg7+ Kh8 40. R7g5 Bh7
41. Nd1 Rab8 42. Bf1 e3 43. Rxe3 Rxe3 44. Nxe3 Rxb2 45. Rg4 Nh5 46. Bg2 a5 47.
Nc4 Rb1+ 48. Kh2 Nf6 49. Rd4 Rb4 50. d6 Bg8 1/2-1/2

[Event "Russian Cup Final 2015"]
[Site "Khanty-Mansiysk RUS"]
[Date "2015.12.09"]
[Round "3.1"]
[White "Fedoseev, Vladimir3"]
[Black "Kokarev, Dmitry"]
[Result "1-0"]
[WhiteTitle "GM"]
[BlackTitle "GM"]
[WhiteElo "2664"]
[BlackElo "2611"]
[WhiteFideId "24130737"]
[BlackFideId "4132181"]
[EventDate "2015.12.05"]

1. d4 Nf6 2. c4 g6 3. Nc3 Bg7 4. e4 d6 5. f3 O-O 6. Be3 c5 7. Nge2 b6 8. Qd2 Ba6
9. b3 e6 10. Rd1 Nc6 11. d5 exd5 12. exd5 Ne5 13. Ng3 Nfd7 14. Be2 f5 15. O-O
Qh4 16. f4 Nf7 17. Bf3 Rfe8 18. Rfe1 Nh6 19. Kh1 Nf8 20. Rc1 Re7 21. Bf2 Rxe1+
22. Rxe1 Qf6 23. Re3 Bc8 24. Nb5 Bd7 25. Nc7 Rc8 26. Ne6 Qa1+ 27. Re1 Qb2 28.
Qxb2 Bxb2 29. Nf1 Ng4 30. Bxg4 fxg4 31. Ng5 Rd8 32. Ne4 Bf5 33. Bh4 Rd7 34. Nfg3
Bxe4 35. Nxe4 Bg7 36. Bg3 h5 37. h3 Bd4 38. Kh2 Nh7 39. hxg4 hxg4 40. Bh4 1-0

[Event "Russian Cup Final 2015"]
[Site "Khanty-Mansiysk RUS"]
[Date "2015.12.10"]
[Round "3.2"]
[White "Kokarev, Dmitry"]
[Black "Fedoseev, Vladimir3"]
[Result "1-0"]
[WhiteTitle "GM"]
[BlackTitle "GM"]
[WhiteElo "2611"]
[BlackElo "2664"]
[WhiteFideId "4132181"]
[BlackFideId "24130737"]
[EventDate "2015.12.05"]

1. e4 e6 2. d4 d5 3. Nc3 Nf6 4. e5 Nfd7 5. f4 c5 6. Nf3 Nc6 7. Be3 cxd4 8. Nxd4
Qb6 9. Qd2 Qxb2 10. Rb1 Qa3 11. Bb5 Nxd4 12. Bxd4 a6 13. Bxd7+ Bxd7 14. Rb3 Qe7
15. Rxb7 Rc8 16. O-O Qd8 17. Nd1 Bc6 18. Rb1 Bb5 19. Rf2 Bc5 20. Ne3 O-O 21.
Bxc5 Rxc5 22. Qd4 Qc7 23. f5 exf5 24. a4 Bd7 25. Nxd5 Qa7 26. Ne7+ Kh8 27. Nxf5
Bxf5 28. Rxf5 Qc7 29. Rb7 Qxb7 30. Qxc5 Re8 31. e6 f6 32. Rd5 h6 33. h3 Qb1+ 34.
Kf2 Qb8 35. Rd6 Rc8 36. e7 Re8 37. Rd4 Kh7 38. Qf5+ Kg8 39. Qe6+ Kh7 40. Re4 Qc7
41. c4 Qc5+ 42. Kf1 Qg5 43. Kg1 Qc5+ 44. Kh1 Qb4 45. Qf5+ Kh8 46. Qd5 Qb1+ 47.
Kh2 Qb8+ 48. Kg1 Qb1+ 49. Kf2 Qc2+ 50. Kf3 Qxa4 51. c5 Qb5 52. Qd6 f5 53. Re6
Qf1+ 54. Kg3 Kg8 55. Qd5 Kh7 56. Qe5 a5 57. c6 a4 58. c7 Qd3+ 59. Kh2 Qc2 60.
Qg3 Kg8 61. Ra6 Qc1 62. Rxa4 Qc6 63. Rd4 Rxe7 64. Rd8+ Re8 65. Qe5 1-0

[Event "Russian Cup Final 2015"]
[Site "Khanty-Mansiysk RUS"]
[Date "2015.12.10"]
[Round "3.3"]
[White "Fedoseev, Vladimir3"]
[Black "Kokarev, Dmitry"]
[Result "0-1"]
[WhiteTitle "GM"]
[BlackTitle "GM"]
[WhiteElo "2664"]
[BlackElo "2611"]
[WhiteFideId "24130737"]
[BlackFideId "4132181"]
[EventDate "2015.12.05"]

1. d4 Nf6 2. c4 g6 3. Nc3 Bg7 4. e4 d6 5. f3 O-O 6. Be3 c5 7. Nge2 b6 8. Qd2 Ba6
9. b3 e6 10. Rd1 Nc6 11. d5 exd5 12. exd5 Ne5 13. Ng3 Nfd7 14. Be2 f5 15. O-O
Nf7 16. Rfe1 Re8 17. Nf1 Qf6 18. Rc1 Re7 19. a4 Rae8 20. f4 Rxe3 21. Nxe3 Qd4
22. Bd3 Qxf4 23. Re2 Bd4 24. Rce1 Nde5 25. Kh1 Ng4 26. g3 Qf3+ 27. Ng2 Rxe2 28.
Bxe2 Nf2+ 29. Kg1 Nh3+ 30. Kh1 Qxc3 31. Qxc3 Bxc3 32. Rf1 Bc8 33. Nf4 Nxf4 34.
gxf4 a5 35. Bd3 Bf6 36. Kg2 Bd7 37. Kg3 Kg7 38. Bc2 Nh6 39. h3 Ng8 40. Bd3 Bc3
41. Rc1 Bd4 42. Re1 Kf7 43. Re2 Nf6 44. Kf3 Nh5 0-1

[Event "Russian Cup Final 2015"]
[Site "Khanty-Mansiysk RUS"]
[Date "2015.12.10"]
[Round "3.4"]
[White "Kokarev, Dmitry"]
[Black "Fedoseev, Vladimir3"]
[Result "1/2-1/2"]
[WhiteTitle "GM"]
[BlackTitle "GM"]
[WhiteElo "2611"]
[BlackElo "2664"]
[WhiteFideId "4132181"]
[BlackFideId "24130737"]
[EventDate "2015.12.05"]

1. e4 e6 2. d4 d5 3. exd5 exd5 4. Nf3 Bd6 5. c4 Nc6 6. Nc3 Bg4 7. cxd5 Nce7 8.
Bb5+ Kf8 9. h3 Bh5 10. O-O Nf6 11. Bg5 h6 12. Bxf6 gxf6 13. Be2 Rg8 14. Nh4 Qd7
15. Kh1 Bxe2 16. Qxe2 Rg5 17. Ne4 Nxd5 18. Nxg5 hxg5 19. Qe4 Ne7 20. Nf3 Kg7 21.
Qg4 Qb5 22. g3 Rh8 23. Kg2 Ng6 24. Rfe1 Bf4 25. Ng1 Qxb2 26. Ne2 Bd6 27. Qe4 b6
28. a4 Qb4 29. Reb1 Qd2 30. Rd1 Qa5 31. d5 Ne7 32. Nd4 Be5 33. Rac1 Qa6 34. Rxc7
Bxc7 35. Qxe7 Be5 36. Nf3 Qxa4 37. Re1 Re8 38. Qb7 Bd6 39. Rxe8 Qxe8 40. Qxa7
Bc5 41. Qa2 Qe4 42. Qd2 Kf8 43. d6 Ke8 44. d7+ Kd8 45. Qd1 Qc6 46. g4 Qxd7 47.
Qb3 Ke7 48. Kf1 Qe6 49. Qd3 Qd6 50. Qe2+ Kf8 51. Qe4 b5 52. h4 b4 53. hxg5 b3
54. gxf6 Qxf6 55. Qc4 Qb6 56. Ne5 Qc7 57. Nd3 Qc6 58. Qxb3 Qh1+ 59. Ke2 Qe4+ 60.
Kf1 Bd4 61. g5 Kg7 62. Ne1 Qh1+ 63. Ke2 Qh4 64. Qf3 Kg8 65. Nd3 Qxg5 66. Qg3 1/2-1/2

[Event "Russian Cup Final 2015"]
[Site "Khanty-Mansiysk RUS"]
[Date "2015.12.11"]
[Round "4.1"]
[White "Kokarev, Dmitry"]
[Black "Bukavshin, Ivan"]
[Result "1/2-1/2"]
[WhiteTitle "GM"]
[BlackTitle "GM"]
[WhiteElo "2611"]
[BlackElo "2657"]
[WhiteFideId "4132181"]
[BlackFideId "4199758"]
[EventDate "2015.12.05"]

1. e4 e5 2. Nf3 Nc6 3. Bb5 Nf6 4. d3 Bc5 5. Bxc6 dxc6 6. b3 Nd7 7. Bb2 f6 8. Nh4
O-O 9. O-O Re8 10. Nd2 Nf8 11. Kh1 Ng6 12. Nf5 Be6 13. Qf3 Qd7 14. g3 Rad8 15.
Ne3 Bd4 16. Rfb1 c5 17. Nef1 Bg4 18. Qg2 Bh3 19. Qf3 Ne7 20. c3 Bg4 21. Qg2 Bh3
22. Qf3 Bg4 23. Qg2 Bh3 1/2-1/2

[Event "Russian Cup Final 2015"]
[Site "Khanty-Mansiysk RUS"]
[Date "2015.12.12"]
[Round "4.2"]
[White "Bukavshin, Ivan"]
[Black "Kokarev, Dmitry"]
[Result "1-0"]
[WhiteTitle "GM"]
[BlackTitle "GM"]
[WhiteElo "2657"]
[BlackElo "2611"]
[WhiteFideId "4199758"]
[BlackFideId "4132181"]
[EventDate "2015.12.05"]

1. Nf3 Nf6 2. g3 g6 3. Bg2 Bg7 4. O-O d5 5. c4 c6 6. b3 Ne4 7. d4 O-O 8. Bb2 Be6
9. Nbd2 Nxd2 10. Qxd2 h6 11. cxd5 Bxd5 12. Qc2 Bxf3 13. Bxf3 Na6 14. Rfd1 e6 15.
e3 Nc7 16. b4 Qe7 17. Qc5 Rfe8 18. a4 a6 19. Rab1 Rad8 20. Bc3 h5 21. h4 Nd5 22.
Be1 Nc7 23. Kg2 e5 24. dxe5 Rxd1 25. Rxd1 Qxc5 26. bxc5 Ne6 27. Bb4 Bxe5 28. g4
hxg4 29. Bxg4 a5 30. Ba3 Rd8 31. Rxd8+ Nxd8 32. Bc8 Bf6 33. Bc1 Be7 34. Bd2 Bxc5
35. Bxa5 Be7 36. Bb6 Bxh4 37. a5 1-0